Post vulcanization stabilization for NR (Record no. 65358)

MARC details
000 -LEADER
fixed length control field 00377nam a2200157Ia 4500
100 ## - MAIN ENTRY--AUTHOR NAME
Personal name Helt W F
245 #0 - TITLE STATEMENT
Title Post vulcanization stabilization for NR
260 ## - PUBLICATION, DISTRIBUTION, ETC. (IMPRINT)
Name of publisher Rubber World
Year of publication 1991
300 ## - PHYSICAL DESCRIPTION
Number of Pages P 18-24
650 ## - SUBJECT ADDED ENTRY--TOPICAL TERM
Topical Term Natural rubber
650 ## - SUBJECT ADDED ENTRY--TOPICAL TERM
Topical Term Vulcanization
700 ## - ADDED ENTRY--PERSONAL NAME
Personal name Paris W W
700 ## - ADDED ENTRY--PERSONAL NAME
Personal name To B H
942 ## - ADDED ENTRY ELEMENTS (KOHA)
Koha item type Journals
Holdings
Withdrawn status Lost status Damaged status Not for loan Home library Current library Date acquired Serial Enumeration / chronology Koha item type
      Journals RRII Library RRII Library 17/12/2021 Volume 204, Issue 5 Journals